| 000 | 00751nam a22001575i 4500 | ||
|---|---|---|---|
| 001 | 153827 | ||
| 003 | ES-MaACL | ||
| 005 | 20230906205411.0 | ||
| 008 | 011105s1871 sp |||| | spa d | ||
| 040 |
_aCCPB | B _bspa _cCCPB | B |
||
| 245 | 0 | 0 |
_aMemoria histórica de los trabajos de la Comisión de Codificación suprimida por decreto del Regente del Reino de 1º de octubre de 1869 / _cescrita y publicada por acuerdo de la misma ; publicada en la Revista general de legislación y jurisprudencia. |
| 260 |
_aMadrid : _b[s.n.], _c1871 ( _fimprenta de la Revista de Legislación, a cargo de J. Morales) |
||
| 300 |
_a662 p. ; _c21 cm. |
||
| 610 | 2 |
_aEspaña. _bComisión General de Codificación. _93041 |
|
| 852 |
_aES-MaACL _jG-14384 _z-- Enc. tela |
||
| 999 |
_c153827 _d153827 |
||